Menanti sinar menjelma
| Main Author: | |
|---|---|
| Format: | Book |
| Published: |
P.J :
Pan Earth ,
1995
|
| Series: | Siri Novel Baiduri
|
| Subjects: |
MARC
| LEADER | 00000cam a2200000 7i4500 | ||
|---|---|---|---|
| 001 | 0000006762 | ||
| 002 | 000007287 | ||
| 005 | 20000330.0 | ||
| 020 | |a 9837502916 | ||
| 090 | 0 | 0 | |a JF |b WAN |
| 100 | 0 | |a Wan Norsaedah | |
| 245 | 1 | 0 | |a Menanti sinar menjelma |c Wan Norsaedah |
| 260 | |a P.J : |b Pan Earth , |c 1995 | ||
| 300 | |a 82p. ; |c 18cm. | ||
| 490 | 0 | |a Siri Novel Baiduri | |
| 650 | 0 | 0 | |a Children's stories, Malay |
| 999 | |a 038846 |b BUKU |c JUNIOR FICTION |e PERPUSTAKAAN KOMUNITI PETALING JAYA | ||